000
00198 a2200097 4500
001
7823
100
_a
Guillaume, A
245
_a
The life of Muhammad
260
_a
_b
Oxford
_c
090
_c
6272
_d
6272
942
_a
NUST-CAE
_c
M
_c
32792
999
_c
242896
_d
242896